Top 10 krajów produkujących samochody - Statystyki

Ogólne statystyki
  • Ten quiz został rozwiązany 5 447 razy
  • Średni wynik to 7 z 10
Statystyki odpowiedzi
2013 # Kraj % Poprawnych
5,439,904 4. Niemcy
99%
10,424,280 2. Stany Zjednoczone
94%
18,085,213 1 Chiny
91%
8,189,323 3. Japonia
91%
1,919,636 8. Rosja
79%
4,122,604 5. Korea Południowa
63%
1,719,700 10. Hiszpania
62%
3,138,988 6. Indie
61%
2,742,309 7. Brazylia
50%
1,771,987 9. Meksyk
42%
Nie znaleziono quizów pasujących do podanych kryteriów
Rozkład punktacji
Procent ludzi z każdym wynikiem
Percentyl według liczby udzielonych odpowiedzi
Twoja historia wyników
Nie rozwiązałeś tego quizu